Government expenditures on education, health, and infrastructure: a naive look at levels, outcomes, and efficiency (Record no. 44845)

MARC details
000 -LEADER
fixed length control field 00762nam a2200193 a 4500
008 - FIXED-LENGTH DATA ELEMENTS--GENERAL INFORMATION
fixed length control field 080918s2007 ||||||||||||||||| || u
050 ## - LIBRARY OF CONGRESS CALL NUMBER
Classification number IBRD(08)PRWP
100 ## - MAIN ENTRY--PERSONAL NAME
Personal name Trujillo, Lourdes
245 10 - TITLE STATEMENT
Title Government expenditures on education, health, and infrastructure: a naive look at levels, outcomes, and efficiency
260 ## - PUBLICATION, DISTRIBUTION, ETC.
Place of publication, distribution, etc. Washington, D.C.
Name of publisher, distributor, etc. World Bank
Date of publication, distribution, etc. 2007
300 ## - PHYSICAL DESCRIPTION
Extent 23p.
350 ## - PRICE (NR) (BK AM CF MU VM SE) [OBSOLETE]
Price 0.00
490 ## - SERIES STATEMENT
Series statement World Bank policy research working papers
650 #0 - SUBJECT ADDED ENTRY--TOPICAL TERM
Topical term or geographic name entry element EXPENDITURES, PUBLIC
700 ## - ADDED ENTRY--PERSONAL NAME
Personal name Estache, Antonio
700 ## - ADDED ENTRY--PERSONAL NAME
Personal name Gonzalez, Marianela
710 ## - ADDED ENTRY--CORPORATE NAME
Corporate name or jurisdiction name as entry element World Bank
995 ## - RECOMMENDATION 995 [LOCAL, UNIMARC FRANCE]
-- 0.00
-- CBU-MAIN LIBRARY (Kitwe)
-- 1
-- 0.00
-- 4219
-- AVAILABLE
-- Sep 18, 2008
-- International Publications
Holdings
Withdrawn status Lost status Source of classification or shelving scheme Damaged status Not for loan Home library Current library Shelving location Date acquired Total Checkouts Full call number Barcode Date last seen Price effective from Koha item type
          CBU-MAIN LIBRARY, KITWE. CBU-MAIN LIBRARY, KITWE.   11/30/2022   IBRD(08)PRWP Z03002818 11/30/2022 11/30/2022 MONOGRAPH